Daniel / (Record no. 29994)
[ view plain ]
| 000 -LEADER | |
|---|---|
| fixed length control field | 00769nam a2200193 4500 |
| 008 - FIXED-LENGTH DATA ELEMENTS--GENERAL INFORMATION | |
| fixed length control field | 070828s1913 enk 00010 eng d |
| 090 ## - LOCALLY ASSIGNED LC-TYPE CALL NUMBER (OCLC); LOCAL CALL NUMBER (OCLC) | |
| Classification number (OCLC) (R) ; Classification number, CALL (RLIN) (NR) | BS1555 |
| Local cutter number (OCLC) ; Book number/undivided call number, CALL (RLIN) | T38 |
| -- | 1913 |
| 100 0# - MAIN ENTRY--PERSONAL NAME | |
| Personal name | Thomson, J. E. H. |
| Fuller form of name | (John Ebenezer Honeyman), |
| Dates associated with a name | 1841-1923. |
| 245 10 - TITLE STATEMENT | |
| Title | Daniel / |
| Statement of responsibility, etc | exposition by J.E.H. Thomson ; homiletics by W.F. Adeney ; homilies by N.T. Robjohns, J.D. Davies. |
| 250 ## - EDITION STATEMENT | |
| Edition statement | New ed. |
| 260 ## - PUBLICATION, DISTRIBUTION, ETC. (IMPRINT) | |
| Place of publication, distribution, etc | London ; |
| -- | New York : |
| Name of publisher, distributor, etc | Funk & Wagnalls, |
| Date of publication, distribution, etc | 1913. |
| 300 ## - PHYSICAL DESCRIPTION | |
| Extent | xlix, 349, ii p. ; |
| Dimensions | 25 cm. |
| 490 1# - SERIES STATEMENT | |
| Series statement | Bible. |
| -- | O.T. |
| -- | Daniel |
| International Standard Serial Number | Commentaries. |
| 630 04 - SUBJECT ADDED ENTRY--UNIFORM TITLE | |
| Uniform title | Bible |
| General subdivision | Commentaries. |
| 951 ## - EQUIVALENCE OR CROSS-REFERENCE-GEOGRAPHIC NAME/AREA NAME [OBSOLETE] [CAN/MARC only] | |
| General subdivision | 00035428 |
| 700 1# - ADDED ENTRY--PERSONAL NAME | |
| Personal name | aAdeney, Walter F. |
| Fuller form of name | (Walter Frederic), |
| Dates associated with a name | 1849-1920. |
| 830 #0 - SERIES ADDED ENTRY--UNIFORM TITLE | |
| Uniform title | Pulpit commentary. |
| 951 ## - EQUIVALENCE OR CROSS-REFERENCE-GEOGRAPHIC NAME/AREA NAME [OBSOLETE] [CAN/MARC only] | |
| -- | 31085 |
| -- | REFBS1555/T38/1913 |
| -- | 070828163954109 |
| -- | 2000-12-21 |
| -- | REF |
| Withdrawn status | Lost status | Damaged status | Not for loan | Home library | Current library | Shelving location | Date acquired | Accession number | Shelving control number | Total Checkouts | Full call number | Barcode | Date last seen | Price effective from | Koha item type |
|---|---|---|---|---|---|---|---|---|---|---|---|---|---|---|---|
| BSOP Library | BSOP Library | Reference | 12/21/2000 | 31085 | 127 | REFBS1555/T38/1913 | 00035428 | 02/23/2013 | 02/23/2013 | Books |
